Nedokonalosti trhu a zásahy vlády do trhového mechanizmu diplomová práca

Gespeichert in:
Bibliographische Detailangaben
1. Verfasser: Bžanová, Klaudia, 1997-
Körperschaft: Podnikovohospodárska fakulta EU so sídlom v Košiciach. Katedra ekonómie
Weitere Verfasser: Pružinský, Michal, 1952-
Format: Buch
Sprache:Slowakisch
Veröffentlicht: Košice 2022
Tags: Tag hinzufügen
Keine Tags, Fügen Sie das erste Tag hinzu!

MARC

LEADER 00000nbm a2200000 4500
001 0284802
005 20240827092656.9
041 0 |a slo 
044 |a SK 
245 1 0 |a Nedokonalosti trhu a zásahy vlády do trhového mechanizmu  |b diplomová práca  |c Klaudia Bžanová ; školiteľ: Michal Pružinský 
264 1 |a Košice  |c 2022 
300 |a 71 s. 
100 1 |a Bžanová, Klaudia, 1997- 
700 1 |a Pružinský, Michal, 1952- 
710 2 |a Podnikovohospodárska fakulta EU so sídlom v Košiciach. Katedra ekonómie